[Event "Open"]
[Site "Tallinn, EE"]
[Date "2024.12.16"]
[Round "3.1"]
[White "Volodin, Aleksandr"]
[Black "Kanep, Meelis"]
[Result "1/2-1/2"]
[Board "1"]
[TimeControl "40/5400+30"]
[WhiteFideId "4501950"]
[BlackFideId "4501047"]
[WhiteTitle "GM"]
[BlackTitle "GM"]
[WhiteElo "2466"]
[BlackElo "2377"]
[WhiteTeam "EST"]
[BlackTeam "EST"]
[WhiteClock "0:03:00"]
[BlackClock "0:01:02"]
[Variant "Standard"]

1. d4 {[%clk 1:30:56]}  Nf6 {[%clk 1:30:42]} 2. c4 {[%clk 1:31:19]}  g6 {[%clk 1:30:57]} 3. Nc3 {[%clk 1:28:54]}  Bg7 {[%clk 1:29:59]} 4. Nf3 {[%clk 1:29:17]}  O-O {[%clk 1:29:52]} 5. g3 {[%clk 1:29:32]}  d6 {[%clk 1:29:57]} 6. Bg2 {[%clk 1:29:56]}  c6 {[%clk 1:30:07]} 7. O-O {[%clk 1:30:22]}  Qa5 {[%clk 1:30:16]} 8. Re1 {[%clk 1:24:24]}  e5 {[%clk 1:18:16]} 9. e4 {[%clk 1:19:54]}  Nbd7 {[%clk 1:10:53]} 10. h3 {[%clk 1:04:41]}  exd4 {[%clk 1:05:49]} 11. Nxd4 {[%clk 1:05:06]}  Ne5 {[%clk 1:05:59]} 12. Bf1 {[%clk 1:04:37]}  Qb6 {[%clk 1:06:00]} 13. Nc2 {[%clk 0:46:03]}  a6 {[%clk 0:56:37]} 14. Be3 {[%clk 0:42:46]}  Qc7 {[%clk 0:53:10]} 15. f4 {[%clk 0:41:49]}  Ned7 {[%clk 0:53:10]} 16. Qd2 {[%clk 0:40:50]}  Re8 {[%clk 0:44:40]} 17. Bf2 {[%clk 0:40:38]}  b5 {[%clk 0:44:07]} 18. Rad1 {[%clk 0:40:53]}  Bf8 {[%clk 0:43:29]} 19. Bg2 {[%clk 0:33:25]}  bxc4 {[%clk 0:40:12]} 20. Ne3 {[%clk 0:32:09]}  Nb6 {[%clk 0:32:59]} 21. Qd4 {[%clk 0:32:25]}  Nfd7 {[%clk 0:31:58]} 22. Nxc4 {[%clk 0:31:53]}  Nxc4 {[%clk 0:30:01]} 23. Qxc4 {[%clk 0:32:21]}  Bb7 {[%clk 0:28:44]} 24. Rd2 {[%clk 0:24:42]}  Nb6 {[%clk 0:25:06]} 25. Qb3 {[%clk 0:22:47]}  c5 {[%clk 0:25:01]} 26. Red1 {[%clk 0:22:37]}  Bc6 {[%clk 0:24:07]} 27. Qc2 {[%clk 0:21:38]}  Qb7 {[%clk 0:18:49]} 28. Kh2 {[%clk 0:17:06]}  Nc4 {[%clk 0:17:42]} 29. Re2 {[%clk 0:17:26]}  Nb6 {[%clk 0:16:11]} 30. g4 {[%clk 0:15:37]}  a5 {[%clk 0:08:05]} 31. Bg3 {[%clk 0:15:39]}  a4 {[%clk 0:07:51]} 32. Rf2 {[%clk 0:13:59]}  Rab8 {[%clk 0:07:46]} 33. Qd3 {[%clk 0:11:09]}  Rbd8 {[%clk 0:04:53]} 34. f5 {[%clk 0:09:35]}  Nd7 {[%clk 0:03:05]} 35. Nd5 {[%clk 0:06:31]}  Bxd5 {[%clk 0:03:26]} 36. Qxd5 {[%clk 0:06:29]}  Qxd5 {[%clk 0:03:51]} 37. Rxd5 {[%clk 0:06:47]}  Ne5 {[%clk 0:04:03]} 38. f6 {[%clk 0:04:30]}  Bh6 {[%clk 0:02:24]} 39. Bxe5 {[%clk 0:00:55]}  Rxe5 {[%clk 0:01:45]} 40. Rd3 {[%clk 0:15:35]}  Bg5 {[%clk 0:15:46]} 41. Ra3 {[%clk 0:09:52]}  Re6 {[%clk 0:15:07]} 42. Rxa4 {[%clk 0:10:14]}  Rxf6 {[%clk 0:14:30]} 43. Rxf6 {[%clk 0:10:06]}  Bxf6 {[%clk 0:14:55]} 44. b3 {[%clk 0:10:29]}  Be5+ {[%clk 0:07:50]} 45. Kh1 {[%clk 0:09:18]}  Bd4 {[%clk 0:04:26]} 46. Kh2 {[%clk 0:07:50]}  Re8 {[%clk 0:03:50]} 47. Kg3 {[%clk 0:08:03]}  Kg7 {[%clk 0:03:33]} 48. Kf4 {[%clk 0:07:33]}  h6 {[%clk 0:02:11]} 49. Bf3 {[%clk 0:07:03]}  Re7 {[%clk 0:01:51]} 50. Ra6 {[%clk 0:06:57]}  c4 {[%clk 0:01:20]} 51. bxc4 {[%clk 0:07:16]}  Bc5 {[%clk 0:01:26]} 52. Rc6 {[%clk 0:05:22]}  g5+ {[%clk 0:01:26]} 53. Kg3 {[%clk 0:05:41]}  Kf6 {[%clk 0:01:25]} 54. Ra6 {[%clk 0:04:42]}  Ke5 {[%clk 0:01:24]} 55. Ra8 {[%clk 0:05:08]}  Ra7 {[%clk 0:01:02]} 56. Rxa7 {[%clk 0:03:00]} 1/2-1/2

[Event "Estonian Chess Championship 2024"]
[Site "Tallinn, Estonia"]
[Date "2024.12.17"]
[Round "16.1"]
[White "Kanep, Meelis"]
[Black "Volodin, Aleksandr"]
[Result "1/2-1/2"]
[WhiteTitle "GM"]
[BlackTitle "GM"]
[WhiteFideId "4501047"]
[BlackFideId "4501950"]
[WhiteElo "2377"]
[BlackElo "2466"]

1. d4 {[%clk 01:30:49]} {[%emt 00:00:10]} Nf6 {[%clk 01:30:19]} {[%emt
00:00:42]} 2. c4 {[%clk 01:31:03]} {[%emt 00:00:16]} e6 {[%clk 01:30:44]}
{[%emt 00:00:06]} 3. Nc3 {[%clk 01:31:15]} {[%emt 00:00:18]} d5 {[%clk
01:31:09]} {[%emt 00:00:04]} 4. Bg5 {[%clk 01:31:13]} {[%emt 00:00:31]} Be7
{[%clk 01:31:31]} {[%emt 00:00:09]} 5. e3 {[%clk 01:31:18]} {[%emt 00:00:25]}
O-O {[%clk 01:30:25]} {[%emt 00:01:36]} 6. Nf3 {[%clk 01:22:07]} {[%emt
00:09:41]} b6 {[%clk 01:30:40]} {[%emt 00:00:15]} 7. Bd3 {[%clk 01:20:35]}
{[%emt 00:02:01]} dxc4 {[%clk 01:26:08]} {[%emt 00:05:03]} 8. Bxc4 {[%clk
01:20:52]} {[%emt 00:00:13]} Bb7 {[%clk 01:26:28]} {[%emt 00:00:11]} 9. O-O
{[%clk 01:18:31]} {[%emt 00:02:50]} Nbd7 {[%clk 01:24:53]} {[%emt 00:02:06]} 10.
Qe2 {[%clk 01:05:05]} {[%emt 00:13:57]} Ne4 {[%clk 01:24:25]} {[%emt 00:00:58]}
11. Nxe4 {[%clk 00:47:22]} {[%emt 00:18:12]} Bxe4 {[%clk 01:24:42]} {[%emt
00:00:12]} 12. Bf4 {[%clk 00:45:57]} {[%emt 00:01:56]} Bd6 {[%clk 01:02:29]}
{[%emt 00:22:43]} 13. Bxd6 {[%clk 00:45:23]} {[%emt 00:01:04]} 1/2-1/2

[Event "Estonian Chess Championship 2024"]
[Site "Tallinn, Estonia"]
[Date "2024.12.17"]
[Round "17.1"]
[White "Kanep, Meelis"]
[Black "Volodin, Aleksandr"]
[Result "1-0"]
[WhiteTitle "GM"]
[BlackTitle "GM"]
[WhiteFideId "4501047"]
[BlackFideId "4501950"]
[WhiteElo "2377"]
[BlackElo "2466"]

1. d4 {[%clk 00:15:03]} {[%emt 00:00:02]} Nf6 {[%clk 00:15:05]} {[%emt
00:00:02]} 2. c4 {[%clk 00:15:05]} {[%emt 00:00:01]} e6 {[%clk 00:15:06]}
{[%emt 00:00:01]} 3. Nc3 {[%clk 00:15:06]} {[%emt 00:00:02]} d5 {[%clk
00:15:08]} {[%emt 00:00:01]} 4. Bg5 {[%clk 00:15:06]} {[%emt 00:00:03]} Be7
{[%clk 00:15:09]} {[%emt 00:00:02]} 5. e3 {[%clk 00:15:07]} {[%emt 00:00:02]}
O-O {[%clk 00:15:03]} {[%emt 00:00:09]} 6. Nf3 {[%clk 00:15:08]} {[%emt
00:00:03]} h6 {[%clk 00:15:04]} {[%emt 00:00:02]} 7. Bxf6 {[%clk 00:15:05]}
{[%emt 00:00:05]} Bxf6 {[%clk 00:15:06]} {[%emt 00:00:01]} 8. Qc2 {[%clk
00:15:03]} {[%emt 00:00:05]} c5 {[%clk 00:14:22]} {[%emt 00:00:46]} 9. dxc5
{[%clk 00:15:04]} {[%emt 00:00:03]} dxc4 {[%clk 00:13:52]} {[%emt 00:00:34]} 10.
Bxc4 {[%clk 00:15:02]} {[%emt 00:00:05]} Qa5 {[%clk 00:13:53]} {[%emt
00:00:03]} 11. O-O {[%clk 00:14:52]} {[%emt 00:00:12]} Nd7 {[%clk 00:11:24]}
{[%emt 00:02:32]} 12. Ne4 {[%clk 00:13:57]} {[%emt 00:00:57]} Be7 {[%clk
00:11:26]} {[%emt 00:00:02]} 13. c6 {[%clk 00:05:12]} {[%emt 00:08:48]} bxc6
{[%clk 00:11:05]} {[%emt 00:00:24]} 14. Nd4 {[%clk 00:05:12]} {[%emt 00:00:03]}
Qb6 {[%clk 00:08:32]} {[%emt 00:02:36]} 15. Rfd1 {[%clk 00:04:22]} {[%emt
00:00:53]} Ne5 {[%clk 00:07:46]} {[%emt 00:00:50]} 16. Be2 {[%clk 00:04:23]}
{[%emt 00:00:01]} c5 {[%clk 00:04:36]} {[%emt 00:03:14]} 17. Nf3 {[%clk
00:04:24]} {[%emt 00:00:02]} Nxf3+ {[%clk 00:03:40]} {[%emt 00:00:59]} 18. Bxf3
{[%clk 00:04:25]} {[%emt 00:00:02]} Rb8 {[%clk 00:03:39]} {[%emt 00:00:04]} 19.
b3 {[%clk 00:04:22]} {[%emt 00:00:06]} Bb7 {[%clk 00:03:01]} {[%emt 00:00:42]}
20. Rd7 {[%clk 00:04:14]} {[%emt 00:00:10]} Bxe4 {[%clk 00:02:40]} {[%emt
00:00:23]} 21. Bxe4 {[%clk 00:03:58]} {[%emt 00:00:18]} Bf6 {[%clk 00:02:41]}
{[%emt 00:00:03]} 22. Rad1 {[%clk 00:03:55]} {[%emt 00:00:06]} Rfd8 {[%clk
00:02:31]} {[%emt 00:00:13]} 23. g3 {[%clk 00:03:37]} {[%emt 00:00:20]} Rxd7
{[%clk 00:01:57]} {[%emt 00:00:37]} 24. Rxd7 {[%clk 00:03:39]} {[%emt
00:00:02]} Rd8 {[%clk 00:01:59]} 25. Rb7 {[%clk 00:03:28]} {[%emt 00:00:14]}
Qa5 {[%clk 00:02:02]} 26. Kg2 {[%clk 00:02:15]} {[%emt 00:01:16]} Rd2 {[%clk
00:01:34]} {[%emt 00:00:30]} 27. b4 {[%clk 00:01:39]} {[%emt 00:00:39]} Rxc2
{[%clk 00:00:18]} {[%emt 00:01:19]} 28. bxa5 {[%clk 00:01:40]} {[%emt
00:00:01]} Rb2 {[%clk 00:00:21]} 29. Rxa7 {[%clk 00:01:36]} {[%emt 00:00:08]}
g6 {[%clk 00:00:13]} {[%emt 00:00:11]} 30. a4 {[%clk 00:01:07]} {[%emt
00:00:32]} Rb4 {[%clk 00:00:14]} {[%emt 00:03:08]} 31. Bc6 {[%clk 00:01:01]}
{[%emt 00:00:12]} c4 {[%clk 00:00:16]} {[%emt 00:00:01]} 32. Bb5 {[%clk
00:00:58]} {[%emt 00:00:06]} Be5 {[%clk 00:00:05]} {[%emt 00:00:14]} 33. Ra8+
{[%clk 00:00:57]} {[%emt 00:00:03]} Kg7 {[%clk 00:00:07]} 34. Rc8 {[%clk
00:00:52]} {[%emt 00:00:08]} c3 {[%clk 00:00:08]} {[%emt 00:00:02]} 35. a6
{[%clk 00:00:51]} {[%emt 00:00:03]} c2 {[%clk 00:00:04]} {[%emt 00:00:07]} 36.
a7 {[%clk 00:00:44]} {[%emt 00:00:10]} Rb3 {[%clk 00:00:04]} {[%emt 00:00:04]}
37. Rxc2 {[%clk 00:00:41]} {[%emt 00:00:06]} 1-0

[Event "Estonian Chess Championship 2024"]
[Site "Tallinn, Estonia"]
[Date "2024.12.17"]
[Round "18.1"]
[White "Volodin, Aleksandr"]
[Black "Kanep, Meelis"]
[Result "1-0"]
[WhiteTitle "GM"]
[BlackTitle "GM"]
[WhiteFideId "4501950"]
[BlackFideId "4501047"]
[WhiteElo "2466"]
[BlackElo "2377"]

1. d4 {[%clk 00:15:05]} {[%emt 00:00:01]} d5 {[%clk 00:15:05]} {[%emt
00:00:01]} 2. c4 {[%clk 00:15:06]} {[%emt 00:00:01]} dxc4 {[%clk 00:15:06]}
{[%emt 00:00:03]} 3. Nf3 {[%clk 00:15:08]} a6 {[%clk 00:14:56]} {[%emt
00:00:13]} 4. e3 {[%clk 00:15:10]} Bg4 {[%clk 00:14:29]} {[%emt 00:00:30]} 5.
Bxc4 {[%clk 00:15:09]} {[%emt 00:00:04]} e6 {[%clk 00:14:29]} {[%emt 00:00:02]}
6. Nc3 {[%clk 00:14:53]} {[%emt 00:00:20]} Nc6 {[%clk 00:14:25]} {[%emt
00:00:07]} 7. h3 {[%clk 00:13:41]} {[%emt 00:01:15]} Bh5 {[%clk 00:14:08]}
{[%emt 00:00:20]} 8. g4 {[%clk 00:12:53]} {[%emt 00:00:51]} Bg6 {[%clk
00:14:08]} {[%emt 00:00:02]} 9. a3 {[%clk 00:12:02]} {[%emt 00:00:54]} h5
{[%clk 00:10:05]} {[%emt 00:04:06]} 10. g5 {[%clk 00:12:04]} {[%emt 00:00:01]}
h4 {[%clk 00:09:37]} {[%emt 00:00:31]} 11. Rg1 {[%clk 00:11:04]} {[%emt
00:01:03]} Nge7 {[%clk 00:08:34]} {[%emt 00:01:06]} 12. Bd2 {[%clk 00:09:44]}
{[%emt 00:01:23]} Nf5 {[%clk 00:08:09]} {[%emt 00:00:28]} 13. Ne2 {[%clk
00:09:32]} {[%emt 00:00:15]} Nd6 {[%clk 00:07:35]} {[%emt 00:00:37]} 14. Ba2
{[%clk 00:09:16]} {[%emt 00:00:20]} Bf5 {[%clk 00:06:57]} {[%emt 00:00:41]} 15.
g6 {[%clk 00:08:51]} {[%emt 00:00:28]} f6 {[%clk 00:05:59]} {[%emt 00:01:02]}
16. Nf4 {[%clk 00:08:24]} {[%emt 00:00:30]} Qd7 {[%clk 00:05:53]} {[%emt
00:00:09]} 17. Qb3 {[%clk 00:07:58]} {[%emt 00:00:29]} Be4 {[%clk 00:03:05]}
{[%emt 00:02:51]} 18. Nh2 {[%clk 00:06:43]} {[%emt 00:01:18]} e5 {[%clk
00:02:41]} {[%emt 00:00:28]} 19. Ne6 {[%clk 00:06:38]} {[%emt 00:00:08]} exd4
{[%clk 00:02:29]} {[%emt 00:00:15]} 20. Rc1 {[%clk 00:04:52]} {[%emt 00:01:49]}
Bf5 {[%clk 00:01:44]} {[%emt 00:00:48]} 21. Nc5 {[%clk 00:04:31]} {[%emt
00:00:24]} Qc8 {[%clk 00:01:26]} {[%emt 00:00:21]} 22. e4 {[%clk 00:04:14]}
{[%emt 00:00:20]} Bxh3 {[%clk 00:01:13]} {[%emt 00:00:16]} 23. Bf4 {[%clk
00:03:32]} {[%emt 00:00:45]} Ne5 {[%clk 00:00:59]} {[%emt 00:00:17]} 24. Bd2
{[%clk 00:03:00]} {[%emt 00:00:35]} b6 {[%clk 00:00:48]} {[%emt 00:00:15]} 25.
f4 {[%clk 00:03:02]} bxc5 {[%emt 00:00:08]} 26. fxe5 {[%clk 00:03:04]} c4
{[%clk 00:00:29]} {[%emt 00:00:17]} 27. Qa4+ {[%clk 00:02:49]} {[%emt
00:00:19]} Bd7 {[%emt 00:00:02]} 28. Qa5 Nb7 {[%clk 00:00:18]} {[%emt
00:00:15]} 29. Qd5 {[%clk 00:02:53]} {[%emt 00:00:01]} Be6 {[%clk 00:00:13]}
{[%emt 00:00:08]} 30. Qc6+ {[%clk 00:02:55]} Bd7 {[%clk 00:00:15]} {[%emt
00:00:01]} 31. Qxc4 {[%clk 00:02:57]} {[%emt 00:00:01]} 1-0

[Event "Estonian Chess Championship 2024"]
[Site "Tallinn, Estonia"]
[Date "????.??.??"]
[Round "19.1"]
[White "Kanep, Meelis"]
[Black "Volodin, Aleksandr"]
[Result "0-1"]
[WhiteTitle "GM"]
[BlackTitle "GM"]
[WhiteFideId "4501047"]
[BlackFideId "4501950"]
[WhiteElo "2377"]
[BlackElo "2466"]

1. d4 {[%clk 00:03:02]} {[%emt 00:00:01]} Nf6 {[%clk 00:03:03]} {[%emt
00:00:01]} 2. c4 {[%clk 00:03:03]} e6 {[%clk 00:03:03]} {[%emt 00:00:02]} 3.
Nc3 {[%clk 00:03:04]} {[%emt 00:00:01]} d5 {[%clk 00:03:04]} 4. Bg5 {[%clk
00:03:05]} {[%emt 00:00:02]} Be7 {[%clk 00:03:02]} {[%emt 00:00:04]} 5. e3
{[%clk 00:03:06]} {[%emt 00:00:01]} h6 {[%clk 00:02:52]} {[%emt 00:00:13]} 6.
Bxf6 {[%clk 00:03:05]} {[%emt 00:00:03]} Bxf6 {[%clk 00:02:52]} {[%emt
00:00:01]} 7. Nf3 {[%clk 00:03:05]} {[%emt 00:00:02]} c6 {[%clk 00:02:21]}
{[%emt 00:00:34]} 8. Qc2 {[%clk 00:03:04]} {[%emt 00:00:02]} Nd7 {[%clk
00:02:12]} {[%emt 00:00:11]} 9. O-O-O {[%clk 00:02:41]} {[%emt 00:00:25]} a5
{[%clk 00:01:58]} {[%emt 00:00:17]} 10. Kb1 {[%clk 00:02:33]} {[%emt 00:00:09]}
Be7 {[%clk 00:01:44]} {[%emt 00:00:16]} 11. e4 {[%clk 00:02:28]} {[%emt
00:00:07]} dxe4 {[%clk 00:01:39]} {[%emt 00:00:08]} 12. Nxe4 {[%clk 00:02:28]}
{[%emt 00:00:02]} a4 {[%clk 00:01:39]} {[%emt 00:00:02]} 13. a3 {[%clk
00:02:06]} {[%emt 00:00:24]} Qa5 {[%clk 00:01:34]} {[%emt 00:00:07]} 14. Bd3
{[%clk 00:01:41]} {[%emt 00:00:26]} O-O {[%clk 00:01:20]} {[%emt 00:00:16]} 15.
c5 {[%clk 00:01:21]} {[%emt 00:00:22]} b6 {[%clk 00:01:16]} {[%emt 00:00:07]}
16. Ne5 {[%clk 00:00:43]} {[%emt 00:00:39]} Nxe5 {[%clk 00:01:17]} 17. dxe5
{[%clk 00:00:44]} {[%emt 00:00:01]} bxc5 {[%clk 00:01:06]} {[%emt 00:00:13]} 18.
Bc4 {[%clk 00:00:36]} {[%emt 00:00:11]} Ra7 {[%clk 00:00:52]} {[%emt 00:00:15]}
19. Nd6 {[%clk 00:00:33]} {[%emt 00:00:04]} Qc7 {[%clk 00:00:18]} {[%emt
00:00:37]} 20. f4 {[%clk 00:00:30]} {[%emt 00:00:05]} Rd8 {[%clk 00:00:09]}
{[%emt 00:00:11]} 21. Nxc8 {[%clk 00:00:25]} {[%emt 00:00:07]} Qxc8 {[%clk
00:00:07]} {[%emt 00:00:04]} 22. Rxd8+ {[%clk 00:00:25]} {[%emt 00:00:02]} Qxd8
{[%clk 00:00:08]} {[%emt 00:00:01]} 23. Rd1 {[%clk 00:00:26]} {[%emt 00:00:01]}
Qb8 {[%clk 00:00:05]} {[%emt 00:00:05]} 24. Ka1 {[%clk 00:00:17]} {[%emt
00:00:11]} Bf8 {[%clk 00:00:04]} {[%emt 00:00:04]} 25. Rd3 {[%clk 00:00:16]}
{[%emt 00:00:02]} Qc8 {[%clk 00:00:03]} {[%emt 00:00:03]} 26. Qd2 {[%clk
00:00:15]} {[%emt 00:00:02]} Be7 {[%clk 00:00:04]} {[%emt 00:00:02]} 27. g4
{[%clk 00:00:16]} {[%emt 00:00:01]} Ra8 {[%emt 00:00:04]} 28. Rd7 {[%clk
00:00:15]} {[%emt 00:00:02]} Qe8 {[%clk 00:00:04]} {[%emt 00:00:01]} 29. f5
{[%clk 00:00:13]} {[%emt 00:00:04]} Bg5 {[%clk 00:00:04]} {[%emt 00:00:02]} 30.
Qd3 {[%clk 00:00:12]} {[%emt 00:00:03]} Rd8 {[%clk 00:00:05]} {[%emt 00:00:01]}
31. Rxd8 {[%clk 00:00:11]} {[%emt 00:00:02]} Bxd8 {[%clk 00:00:06]} {[%emt
00:00:02]} 32. fxe6 {[%clk 00:00:10]} {[%emt 00:00:03]} fxe6 {[%clk 00:00:07]}
33. Qd6 {[%clk 00:00:08]} {[%emt 00:00:03]} Bg5 {[%clk 00:00:06]} {[%emt
00:00:04]} 34. Bxe6+ {[%clk 00:00:06]} {[%emt 00:00:04]} Kh8 {[%clk 00:00:08]}
35. Bd7 {[%clk 00:00:05]} {[%emt 00:00:03]} Qe7 {[%clk 00:00:04]} {[%emt
00:00:06]} 36. Qb8+ {[%clk 00:00:04]} {[%emt 00:00:03]} Kh7 {[%clk 00:00:05]}
{[%emt 00:00:01]} 37. Bxc6 {[%clk 00:00:03]} {[%emt 00:00:02]} g6 {[%clk
00:00:06]} {[%emt 00:00:01]} 38. Qd6 {[%clk 00:00:03]} {[%emt 00:00:01]} Qg7
{[%clk 00:00:05]} {[%emt 00:00:03]} 39. e6 {[%emt 00:00:02]} Be7 40. Qd7 {[%clk
00:00:03]} {[%emt 00:00:01]} Qf6 {[%clk 00:00:08]} 41. Qd5 {[%clk 00:00:04]}
Kg7 {[%clk 00:00:09]} 42. Ka2 {[%clk 00:00:05]} Qf4 {[%clk 00:00:10]} {[%emt
00:00:01]} 43. Bb5 {[%clk 00:00:06]} {[%emt 00:00:02]} Qxh2 {[%clk 00:00:09]}
{[%emt 00:00:03]} 44. Qd7 {[%clk 00:00:05]} {[%emt 00:00:03]} Qh4 {[%clk
00:00:10]} {[%emt 00:00:01]} 45. Bd3 {[%clk 00:00:04]} {[%emt 00:00:03]} Qf6
{[%clk 00:00:10]} {[%emt 00:00:02]} 46. Qd5 {[%clk 00:00:05]} {[%emt 00:00:01]}
Qf4 {[%clk 00:00:09]} {[%emt 00:00:03]} 47. Bc4 {[%clk 00:00:04]} {[%emt
00:00:02]} Qxg4 {[%clk 00:00:09]} {[%emt 00:00:02]} 48. Bd3 {[%clk 00:00:04]}
{[%emt 00:00:03]} h5 {[%clk 00:00:09]} {[%emt 00:00:02]} 49. Qd7 {[%clk
00:00:03]} {[%emt 00:00:02]} Qg5 {[%clk 00:00:09]} {[%emt 00:00:01]} 50. Bc4
{[%clk 00:00:04]} {[%emt 00:00:01]} h4 {[%clk 00:00:10]} 51. Qd3 {[%clk
00:00:05]} {[%emt 00:00:01]} Qf4 {[%clk 00:00:09]} {[%emt 00:00:03]} 52. Qd5
{[%clk 00:00:04]} {[%emt 00:00:03]} h3 {[%clk 00:00:07]} {[%emt 00:00:04]} 53.
Qd3 {[%clk 00:00:04]} {[%emt 00:00:02]} h2 {[%clk 00:00:08]} {[%emt 00:00:01]}
54. Bd5 {[%clk 00:00:05]} c4 {[%clk 00:00:09]} 55. Qc3+ {[%clk 00:00:06]}
{[%emt 00:00:01]} Bf6 {[%clk 00:00:07]} {[%emt 00:00:04]} 56. Qh3 {[%clk
00:00:05]} {[%emt 00:00:02]} c3 {[%clk 00:00:06]} {[%emt 00:00:04]} 57. e7
{[%clk 00:00:04]} {[%emt 00:00:02]} Bxe7 {[%clk 00:00:06]} {[%emt 00:00:02]} 58.
Qxc3+ {[%clk 00:00:05]} {[%emt 00:00:01]} Bf6 {[%clk 00:00:06]} {[%emt
00:00:01]} 59. Qh3 {[%clk 00:00:05]} {[%emt 00:00:01]} Qe5 {[%clk 00:00:08]}
{[%emt 00:00:01]} 60. Qd7+ {[%clk 00:00:06]} {[%emt 00:00:01]} Kh6 {[%clk
00:00:09]} {[%emt 00:00:01]} 61. Qh3+ {[%clk 00:00:07]} Kg5 {[%clk 00:00:07]}
{[%emt 00:00:03]} 62. Qg2+ {[%clk 00:00:06]} {[%emt 00:00:02]} Kf5 {[%clk
00:00:07]} {[%emt 00:00:03]} 63. Bc6 {[%clk 00:00:07]} Ke6 {[%clk 00:00:05]}
{[%emt 00:00:05]} 64. Bb7 {[%clk 00:00:07]} {[%emt 00:00:02]} Ke7 {[%clk
00:00:05]} {[%emt 00:00:01]} 65. Ba8 {[%clk 00:00:08]} {[%emt 00:00:01]} h1=Q
{[%clk 00:00:06]} {[%emt 00:00:02]} 0-1